[Event "II Torneo Hotel Astoria A"]
[Site "Riva del Garda ITA"]
[Date "2004.12.28"]
[Round "5"]
[White "Luciani, Valerio"]
[Black "Brunello, Sabino"]
[Result "1/2-1/2"]
[WhiteElo "2182"]
[BlackElo "2258"]
[PlyCount "135"]
[EventDate "2004.12.26"]

1. d4 d5 2. c4 e6 3. Nc3 Nf6 4. cxd5 exd5 5. Bg5 Be7 6. e3 c6 7. Qc2 Nbd7 8.
Bd3 O-O 9. Nge2 Re8 10. O-O Nf8 11. f3 Nh5 12. Bxe7 Qxe7 13. e4 dxe4 14. fxe4
Be6 15. Rf2 Ng6 16. Raf1 Nf6 17. h3 Rad8 18. a3 c5 19. e5 Nd5 20. Nxd5 Rxd5 21.
Bc4 cxd4 22. Bxd5 Bxd5 23. Nxd4 Qxe5 24. Nf3 Qg3 25. Qf5 Ne5 26. Nxe5 Qxe5 27.
Qxe5 Rxe5 28. Rf5 Rxf5 29. Rxf5 Bc6 30. Ra5 a6 31. a4 f6 32. b4 Kf7 33. b5 axb5
34. axb5 Be4 35. Ra3 Ke6 36. Kf2 g5 37. Rc3 h5 38. g3 Kd6 39. Ke3 Bg2 40. h4
Bf1 41. b6 Bg2 42. Rc7 Ke6 43. Rh7 Kf5 44. Kf2 Kg6 45. Rc7 Bh1 46. Rc5 Be4 47.
Ke3 Bh1 48. Rc1 Bg2 49. Rc2 Bh1 50. Rf2 Bc6 51. Kd4 g4 52. Rf4 Bf3 53. Kc5 f5
54. Kd6 Kf6 55. Kc5 Ke5 56. Kc4 Be4 57. Kc3 Kd5 58. Rf2 Kc5 59. Kd2 Kxb6 60.
Ke3 Kc5 61. Kf4 b5 62. Kg5 b4 63. Kxh5 b3 64. Rb2 Bc2 65. Kg5 Kd6 66. Rxb3 Bxb3
67. Kxf5 Be6+ 68. Kf6 1/2-1/2

[Event "II Torneo Hotel Astoria A"]
[Site "Riva del Garda ITA"]
[Date "2004.12.28"]
[Round "5"]
[White "Trauth, Michael"]
[Black "Piantoni, Roberto"]
[Result "1/2-1/2"]
[WhiteElo "2233"]
[BlackElo "2133"]
[PlyCount "59"]
[EventDate "2004.12.26"]

1. Nf3 d5 2. c4 c6 3. g3 Nf6 4. Bg2 Nbd7 5. O-O e6 6. b3 Bd6 7. Bb2 O-O 8. Nc3
Qe7 9. Qc2 Ba3 10. Bxa3 Qxa3 11. d4 Qa6 12. Nd2 b5 13. a4 b4 14. Na2 Qb6 15.
cxd5 cxd5 16. Nc4 Qxd4 17. Nxb4 a5 18. e3 Qc5 19. Nd3 Qc7 20. Na3 Qxc2 21. Nxc2
Ba6 22. Rfd1 Rfc8 23. Nd4 Rc3 24. Bf1 e5 25. Nb5 Bxb5 26. axb5 Rxb3 27. Nc1 Rb2
28. Nd3 Rb3 29. Nc1 Rb2 30. Nd3 1/2-1/2

[Event "II Torneo Hotel Astoria A"]
[Site "Riva del Garda ITA"]
[Date "2004.12.29"]
[Round "6"]
[White "Bevilacqua, Maurizio"]
[Black "Vaccari, Sergio"]
[Result "0-1"]
[WhiteElo "2165"]
[BlackElo "1906"]
[PlyCount "104"]
[EventDate "2004.12.26"]

1. d4 Nf6 2. c4 d6 3. Nc3 Nbd7 4. e4 e5 5. Nf3 c6 6. Be2 Be7 7. O-O O-O 8. h3
Qc7 9. Be3 Re8 10. Qc2 Nf8 11. Rfd1 h6 12. Rac1 g5 13. dxe5 dxe5 14. c5 Be6 15.
Nd2 Ng6 16. Nc4 Rad8 17. b4 a6 18. a4 Nf4 19. Bf1 Kh8 20. Kh2 Rg8 21. g3 Ng6
22. Qb2 Nh5 23. f3 Ng7 24. Bf2 Rgf8 25. Ne3 f5 26. Rxd8 Rxd8 27. Nc4 fxe4 28.
fxe4 Bf7 29. Ne3 Be6 30. Rc2 h5 31. Qc1 h4 32. gxh4 gxh4 33. Ng2 Kh7 34. Qe1
Rf8 35. Be2 Nf4 36. Nxh4 Nxh3 37. Bg3 Bg5 38. Bf1 Nf4 39. b5 cxb5 40. Nd5 Qf7
41. Bg2 Ngh5 42. Nf3 Rg8 43. c6 bxc6 44. Rxc6 Bxd5 45. exd5 Bf6 46. Nxe5 Qg7
47. Nd7 Nxg2 48. Nxf6+ Nxf6 49. Kxg2 Re8 50. Qh1+ Kg8 51. Rc7 Re2+ 52. Kf3 Qg4#
0-1

[Event "II Torneo Hotel Astoria A"]
[Site "Riva del Garda ITA"]
[Date "2004.12.29"]
[Round "6"]
[White "Braschi, Giancarlo"]
[Black "Pantaleoni, Claudio"]
[Result "1/2-1/2"]
[WhiteElo "2172"]
[BlackElo "2220"]
[PlyCount "84"]
[EventDate "2004.12.26"]

1. d4 e6 2. c4 Nf6 3. Nc3 Bb4 4. e3 O-O 5. Bd3 d5 6. Nf3 c5 7. O-O Nc6 8. a3
Bxc3 9. bxc3 Qc7 10. Qe2 dxc4 11. Bxc4 e5 12. Rd1 e4 13. Nd2 Ne7 14. Re1 Ng6
15. f4 Nh4 16. a4 Bd7 17. Ba3 b6 18. dxc5 Rfc8 19. Ba6 Re8 20. cxb6 axb6 21.
Bb4 Bg4 22. Qc4 Qd7 23. Nf1 Bh3 24. gxh3 Qxh3 25. Re2 Nh5 26. Bb7 Re6 27. Bxe4
Rae8 28. Bd5 Rg6+ 29. Kh1 Rc8 30. Bxf7+ Kh8 31. Qxc8+ Qxc8 32. Bxg6 Qc6+ 33. e4
Nxf4 34. Re3 hxg6 35. a5 Nf5 36. Ree1 Nd3 37. Re2 bxa5 38. Bxa5 Nc5 39. Rc1 Nd3
40. Ra1 Nf4 41. Ree1 Nd3 42. Re2 Nf4 1/2-1/2

[Event "II Torneo Hotel Astoria A"]
[Site "Riva del Garda ITA"]
[Date "2004.12.29"]
[Round "6"]
[White "Brunello, Sabino"]
[Black "Cappai, Davide"]
[Result "1-0"]
[WhiteElo "2258"]
[BlackElo "2120"]
[PlyCount "63"]
[EventDate "2004.12.26"]

1. e4 c5 2. Nf3 Nc6 3. Nc3 g6 4. d4 cxd4 5. Nxd4 Bg7 6. Be3 Nf6 7. Bc4 O-O 8.
Bb3 d6 9. f3 Bd7 10. Qd2 Ne5 11. O-O-O Qa5 12. h4 h5 13. g4 Bxg4 14. fxg4 Nfxg4
15. Bg5 Rae8 16. Rhf1 Kh7 17. Nd5 Qxd2+ 18. Rxd2 Bh6 19. Bxh6 Nxh6 20. Ba4 Nc6
21. Nxc6 bxc6 22. Bxc6 Rc8 23. Bb7 Rb8 24. Ba6 Kg7 25. Bc4 Ng4 26. Bb3 Rb7 27.
c3 e6 28. Nf4 d5 29. exd5 e5 30. Nd3 Rc8 31. Re1 f6 32. d6 1-0

[Event "II Torneo Hotel Astoria A"]
[Site "Riva del Garda ITA"]
[Date "2004.12.29"]
[Round "6"]
[White "Cereda, Loris"]
[Black "Bressanelli, Roberto"]
[Result "1/2-1/2"]
[WhiteElo "2002"]
[BlackElo "2083"]
[PlyCount "107"]
[EventDate "2004.12.26"]

1. e4 e5 2. Nc3 d6 3. Bc4 Nf6 4. d3 Be7 5. Nge2 c6 6. O-O O-O 7. f4 d5 8. fxe5
dxc4 9. exf6 Bxf6 10. d4 Nd7 11. e5 Bg5 12. Ne4 Bxc1 13. Rxc1 Nb6 14. Qe1 Nd5
15. Qg3 f6 16. Nxf6+ Nxf6 17. exf6 Rxf6 18. Rxf6 Qxf6 19. Rf1 Qe7 20. Nf4 Bd7
21. Nh5 Rf8 22. Rxf8+ Kxf8 23. Qf3+ Kg8 24. Ng3 Qe1+ 25. Nf1 Qb4 26. b3 cxb3
27. axb3 Qxd4+ 28. Ne3 Be6 29. Qg3 h6 30. Kf1 b5 31. Ke2 Bf7 32. Qb8+ Kh7 33.
h3 Bg6 34. Qc7 Qc5 35. Kd2 b4 36. Qf4 Qc3+ 37. Kd1 Qa1+ 38. Kd2 Qc3+ 39. Kd1 a5
40. g4 c5 41. h4 Qd4+ 42. Qxd4 cxd4 43. Nc4 d3 44. cxd3 Bxd3 45. Nxa5 Be4 46.
Ke2 g5 47. hxg5 hxg5 48. Ke3 Bd5 49. Nc4 Be6 50. Na5 Bxg4 51. Nc6 Bd1 52. Nxb4
Bxb3 53. Nd3 Kg6 54. Kf3 1/2-1/2

[Event "II Torneo Hotel Astoria A"]
[Site "Riva del Garda ITA"]
[Date "2004.12.29"]
[Round "6"]
[White "Giancotti, Eraldo"]
[Black "Dalponte, Dino"]
[Result "1/2-1/2"]
[WhiteElo "2093"]
[BlackElo "2096"]
[PlyCount "90"]
[EventDate "2004.12.26"]

1. d4 d5 2. c4 e6 3. Nc3 f5 4. e3 Nf6 5. Bd3 c6 6. Nge2 Bd6 7. Qc2 Ne4 8. cxd5
exd5 9. Ng3 O-O 10. Qb3 Kh8 11. Nce2 Qh4 12. f4 g5 13. Bd2 Nxg3 14. Nxg3 gxf4
15. exf4 Bxf4 16. Bxf4 Qxf4 17. Ne2 Re8 18. Rf1 Qg5 19. g3 Qe3 20. Qc3 Na6 21.
a3 Bd7 22. Qd2 Qxd4 23. O-O-O Qe3 24. Bxa6 bxa6 25. Nd4 Qxd2+ 26. Rxd2 Re5 27.
Nf3 Re3 28. Nd4 Rae8 29. Kc2 R3e5 30. Rff2 Kg7 31. Nb3 Kg6 32. Nc5 Bc8 33. Kb3
d4 34. Kc4 Be6+ 35. Nxe6 R8xe6 36. Kxd4 Rd5+ 37. Kc3 Re3+ 38. Kc2 Kg5 39. Rxd5
cxd5 40. Kd2 Re4 41. Kd3 h5 42. Rc2 h4 43. Rc5 hxg3 44. hxg3 d4 45. Rc7 Re3+
1/2-1/2

[Event "II Torneo Hotel Astoria A"]
[Site "Riva del Garda ITA"]
[Date "2004.12.29"]
[Round "6"]
[White "Horn, Peter"]
[Black "Trauth, Michael"]
[Result "1/2-1/2"]
[WhiteElo "2172"]
[BlackElo "2233"]
[PlyCount "46"]
[EventDate "2004.12.26"]

1. Nf3 c5 2. c4 Nf6 3. Nc3 d5 4. cxd5 Nxd5 5. e4 Nb4 6. Bc4 Nd3+ 7. Ke2 Nf4+ 8.
Kf1 Ne6 9. Ne5 Qd6 10. f4 Nd7 11. Qa4 a6 12. d4 cxd4 13. Nb5 Qc5 14. b4 Qb6 15.
Bb2 f6 16. Nd3 Rb8 17. Bxe6 axb5 18. Qb3 Ne5 19. Bxc8 Nc4 20. Bd7+ Kxd7 21. Kf2
e5 22. Rhc1 Bd6 23. a4 Rhc8 1/2-1/2

[Event "II Torneo Hotel Astoria A"]
[Site "Riva del Garda ITA"]
[Date "2004.12.29"]
[Round "6"]
[White "Mosna, Stefano"]
[Black "Vecchia, Mario"]
[Result "1/2-1/2"]
[WhiteElo "2148"]
[BlackElo "2073"]
[PlyCount "29"]
[EventDate "2004.12.26"]

1. e4 d5 2. exd5 Nf6 3. d4 Nxd5 4. c4 Nb4 5. a3 N4c6 6. d5 Ne5 7. Bf4 Ng6 8.
Bg3 e5 9. h4 Bd6 10. h5 Ne7 11. Nf3 Nd7 12. Bd3 O-O 13. b4 b6 14. Nc3 f5 15.
Bc2 1/2-1/2

[Event "II Torneo Hotel Astoria A"]
[Site "Riva del Garda ITA"]
[Date "2004.12.29"]
[Round "6"]
[White "Piantoni, Roberto"]
[Black "Luciani, Valerio"]
[Result "1/2-1/2"]
[WhiteElo "2133"]
[BlackElo "2182"]
[PlyCount "26"]
[EventDate "2004.12.26"]

1. Nf3 f5 2. e4 fxe4 3. Ng5 d5 4. d3 Qd6 5. dxe4 h6 6. Nh3 dxe4 7. Qe2 g6 8.
Nc3 Nf6 9. Nxe4 Nxe4 10. Qxe4 Nc6 11. Bf4 Qb4+ 12. Qxb4 Nxb4 13. Be5 Rh7
1/2-1/2

[Event "II Torneo Hotel Astoria A"]
[Site "Riva del Garda ITA"]
[Date "2004.12.29"]
[Round "6"]
[White "Picco, Ruggero"]
[Black "Bove, Alessandro"]
[Result "0-1"]
[WhiteElo "2022"]
[BlackElo "2142"]
[PlyCount "66"]
[EventDate "2004.12.26"]

1. e4 d6 2. d4 Nf6 3. Bd3 c6 4. f4 Nbd7 5. e5 dxe5 6. fxe5 Nd5 7. e6 N7f6 8.
exf7+ Kxf7 9. Nf3 Kg8 10. O-O g6 11. Nbd2 Ne3 12. Qe2 Nxf1 13. Bc4+ Kg7 14.
Nxf1 Bg4 15. Qe3 Nd5 16. Qe5+ Kg8 17. Ne3 Bg7 18. Qe4 Bxf3 19. gxf3 Bf6 20.
Nxd5 cxd5 21. Bxd5+ Kg7 22. c3 Qb6 23. Bxb7 Rab8 24. Bd5 e5 25. Qe3 Rhe8 26.
dxe5 Rxe5 27. Qxb6 Rxb6 28. Be4 Bg5 29. b3 Rd6 30. Bb2 Be3+ 31. Kf1 Rd2 32. Rb1
Rg5 33. c4+ Kh6 0-1

[Event "II Torneo Hotel Astoria A"]
[Site "Riva del Garda ITA"]
[Date "2004.12.29"]
[Round "6"]
[White "Popa, Claudiu"]
[Black "Braghetta, Sergio"]
[Result "1/2-1/2"]
[WhiteElo "2182"]
[BlackElo "2268"]
[PlyCount "83"]
[EventDate "2004.12.26"]

1. e4 c5 2. c3 d5 3. exd5 Qxd5 4. d4 Nf6 5. Nf3 Bg4 6. Be2 e6 7. O-O Nc6 8. Be3
cxd4 9. cxd4 Bb4 10. a3 Ba5 11. h3 Bh5 12. Nc3 Qd6 13. Qb3 O-O 14. Rfd1 Rfd8
15. Rac1 Bb6 16. Rd2 Rac8 17. Rcd1 Na5 18. Qa2 Nd5 19. Nxd5 Qxd5 20. Qxd5 Rxd5
21. b4 Nc6 22. g4 Bg6 23. Nh4 Be4 24. f3 Bg6 25. Nxg6 hxg6 26. Kf2 Ne7 27. a4
a6 28. f4 Rd7 29. a5 Ba7 30. b5 axb5 31. Bxb5 Rdc7 32. a6 bxa6 33. Bxa6 Rd8 34.
Be2 Nd5 35. Bf3 Nc3 36. Ra1 Bb6 37. Ra6 Ba7 38. Ra1 Nb5 39. d5 Bxe3+ 40. Kxe3
exd5 41. Bxd5 Rcd7 42. Ra8 1/2-1/2

[Event "II Torneo Hotel Astoria A"]
[Site "Riva del Garda ITA"]
[Date "2004.12.29"]
[Round "6"]
[White "Tomasi, Diego"]
[Black "Pojer, Romeo"]
[Result "0-1"]
[WhiteElo "2024"]
[BlackElo "2127"]
[PlyCount "112"]
[EventDate "2004.12.26"]

1. c4 g6 2. Nc3 Bg7 3. g3 e5 4. Bg2 d6 5. d3 f5 6. Nf3 Nf6 7. Bg5 c6 8. Rb1 a5
9. a3 O-O 10. Qd2 Qe8 11. O-O Na6 12. Bh6 d5 13. Bxg7 Kxg7 14. cxd5 cxd5 15. d4
e4 16. Ne5 Nc7 17. f4 exf3 18. exf3 Ne6 19. Rfe1 Qd8 20. Nb5 f4 21. Rbc1 fxg3
22. hxg3 Nh5 23. Kh2 Bd7 24. Nxd7 Qxd7 25. Qe2 Rae8 26. Qe5+ Kh6 27. a4 Ng5 28.
Qd6 Qxd6 29. Nxd6 Rxe1 30. Rxe1 Nxf3+ 31. Bxf3 Rxf3 32. Rg1 Rb3 33. Rg2 Kg5 34.
Nf7+ Kf6 35. Rf2+ Kg7 36. Nd6 Nf6 37. Rc2 Ng4+ 38. Kh3 h5 39. Rc7+ Kf6 40. Rxb7
Rd3 41. Rb6 Ke7 42. Nb5 g5 43. Rb7+ Kf6 44. Rb6+ Kg7 45. Rb7+ Kg6 46. Rb6+ Nf6
47. Kg2 Rd2+ 48. Kf3 Rxb2 49. Rb7 Ng4 50. Rb6+ Kg7 51. Rb7+ Kf8 52. Rb8+ Ke7
53. Rb7+ Kd8 54. Rb8+ Kd7 55. Rb7+ Kc6 56. Rc7+ Kb6 0-1

[Event "II Torneo Hotel Astoria A"]
[Site "Riva del Garda ITA"]
[Date "2004.12.30"]
[Round "7"]
[White "Braghetta, Sergio"]
[Black "Horn, Peter"]
[Result "1-0"]
[WhiteElo "2268"]
[BlackElo "2172"]
[PlyCount "59"]
[EventDate "2004.12.26"]

1. e4 d5 2. exd5 Qxd5 3. Nc3 Qa5 4. Bc4 Nf6 5. d3 c6 6. Bd2 Qb6 7. Qe2 Qxb2 8.
Rb1 Qa3 9. Nf3 e6 10. O-O Qd6 11. Ng5 Be7 12. f4 O-O 13. Rbe1 b5 14. Bb3 h6 15.
Nf3 a5 16. a4 bxa4 17. Nxa4 Bd8 18. Ne5 Na6 19. Nc4 Qb8 20. Bxa5 Bxa5 21. Nxa5
Qb5 22. Nc4 Nc5 23. Nxc5 Qxc5+ 24. Kh1 Qd4 25. Ne5 c5 26. Qf3 Ra6 27. f5 exf5
28. Ng6 Rd8 29. Ne7+ Kh8 30. Nc6 1-0

[Event "II Torneo Hotel Astoria A"]
[Site "Riva del Garda ITA"]
[Date "2004.12.30"]
[Round "7"]
[White "Bressanelli, Roberto"]
[Black "Gehrke, Rolf"]
[Result "1-0"]
[WhiteElo "2083"]
[BlackElo "2046"]
[PlyCount "61"]
[EventDate "2004.12.26"]

1. e4 c5 2. Nf3 Nc6 3. c3 d5 4. exd5 Qxd5 5. d4 cxd4 6. cxd4 e5 7. Nc3 Bb4 8.
Bd2 Bxc3 9. Bxc3 exd4 10. Nxd4 Nge7 11. Nxc6 Qxc6 12. Be2 Qxg2 13. Bb5+ Nc6 14.
Qe2+ Be6 15. O-O-O Qg5+ 16. Kb1 Qf5+ 17. Bd3 Qd5 18. Bxg7 Qxa2+ 19. Kc1 Rg8 20.
Bf6 Rc8 21. Bc3 Na5 22. Bb5+ Kf8 23. Qd3 Qd5 24. Qxd5 Bxd5 25. Rxd5 Nb3+ 26.
Kb1 Rg2 27. Rhd1 Rxf2 28. Ba4 Nc5 29. Bd4 Rf4 30. Rxc5 Rxc5 31. Bxc5+ 1-0

[Event "II Torneo Hotel Astoria A"]
[Site "Riva del Garda ITA"]
[Date "2004.12.30"]
[Round "7"]
[White "Dalponte, Dino"]
[Black "Allegranti, Luca"]
[Result "1-0"]
[WhiteElo "2096"]
[BlackElo "2016"]
[PlyCount "65"]
[EventDate "2004.12.26"]

1. d4 f5 2. Bg5 h6 3. Bf4 Nf6 4. e3 d6 5. Bc4 e6 6. c3 g5 7. Bg3 Bg7 8. Qb3 Qe7
9. Ne2 Nc6 10. Nd2 a6 11. h4 b5 12. hxg5 hxg5 13. Rxh8+ Bxh8 14. Bd3 Bb7 15.
O-O-O d5 16. Rh1 Kd7 17. Nf3 Ne4 18. Rh5 Bf6 19. Bxe4 dxe4 20. Nd2 Na5 21. Qb4
Qxb4 22. cxb4 Nc6 23. Rh7+ Ne7 24. Nb3 Bd5 25. Nc5+ Kc6 26. Rf7 Bc4 27. Nc3 f4
28. exf4 Ng8 29. fxg5 Bxg5+ 30. Kd1 e5 31. Rg7 Bf6 32. Rd7 Be6 33. d5+ 1-0

[Event "II Torneo Hotel Astoria A"]
[Site "Riva del Garda ITA"]
[Date "2004.12.30"]
[Round "7"]
[White "Luciani, Valerio"]
[Black "Popa, Claudiu"]
[Result "1/2-1/2"]
[WhiteElo "2182"]
[BlackElo "2182"]
[PlyCount "21"]
[EventDate "2004.12.26"]

1. d4 d5 2. c4 dxc4 3. e4 c5 4. d5 e6 5. Nc3 Nf6 6. Bxc4 exd5 7. Nxd5 Nxd5 8.
Bxd5 Be7 9. Qa4+ Nd7 10. Bf4 O-O 11. Rd1 1/2-1/2

[Event "II Torneo Hotel Astoria A"]
[Site "Riva del Garda ITA"]
[Date "2004.12.30"]
[Round "7"]
[White "Pantaleoni, Claudio"]
[Black "Brunello, Sabino"]
[Result "1/2-1/2"]
[WhiteElo "2220"]
[BlackElo "2258"]
[PlyCount "28"]
[EventDate "2004.12.26"]

1. d4 Nf6 2. c4 e6 3. Nc3 Bb4 4. e3 O-O 5. Bd3 d5 6. Nf3 c5 7. O-O Nc6 8. a3
Ba5 9. cxd5 exd5 10. dxc5 Bxc3 11. bxc3 Bg4 12. Rb1 Qc8 13. Be2 Rd8 14. Qb3 Rb8
1/2-1/2

[Event "II Torneo Hotel Astoria A"]
[Site "Riva del Garda ITA"]
[Date "2004.12.30"]
[Round "7"]
[White "Piantoni, Roberto"]
[Black "Braschi, Giancarlo"]
[Result "0-1"]
[WhiteElo "2133"]
[BlackElo "2172"]
[PlyCount "60"]
[EventDate "2004.12.26"]

1. d4 Nf6 2. Nf3 c5 3. e3 g6 4. c3 b6 5. dxc5 bxc5 6. e4 Bb7 7. e5 Nd5 8. Bd3
Nc7 9. Nbd2 Bg7 10. Ne4 Ne6 11. Neg5 Nxg5 12. Bxg5 Bxf3 13. Qxf3 Nc6 14. e6
fxe6 15. Bb5 Rc8 16. Rd1 Qb6 17. Qe2 Rb8 18. Bxc6 Qxc6 19. O-O c4 20. Rfe1 Rb5
21. h4 Kf7 22. Rd2 Re5 23. Be3 Rb8 24. Red1 Rb7 25. f4 Ra5 26. a3 Bf6 27. Qf2
h5 28. g3 d6 29. Bd4 Bxd4 30. Rxd4 Rab5 0-1

[Event "II Torneo Hotel Astoria A"]
[Site "Riva del Garda ITA"]
[Date "2004.12.30"]
[Round "7"]
[White "Pojer, Romeo"]
[Black "Picco, Ruggero"]
[Result "1/2-1/2"]
[WhiteElo "2127"]
[BlackElo "2022"]
[PlyCount "72"]
[EventDate "2004.12.26"]

1. e4 e5 2. Nf3 Nc6 3. Bb5 f5 4. Nc3 fxe4 5. Nxe4 d5 6. Nxe5 dxe4 7. Nxc6 Qg5
8. Qe2 Nf6 9. f4 Qxf4 10. d4 Qh4+ 11. g3 Qh3 12. Ne5+ c6 13. Bc4 Be6 14. Bf4
O-O-O 15. O-O-O Bd6 16. Kb1 Kb8 17. Bb3 Rhe8 18. c4 Bg4 19. Nxg4 Qxg4 20. Bxd6+
Rxd6 21. Rhe1 Qxe2 22. Rxe2 Red8 23. d5 cxd5 24. cxd5 Nxd5 25. Rde1 Nf6 26. Bc2
Rd2 27. Kc1 Rxe2 28. Rxe2 Rd4 29. Rd2 Rxd2 30. Kxd2 Kc7 31. Ke3 Kd6 32. Bxe4
Nxe4 33. Kxe4 Ke6 34. h4 h5 35. Kf4 Kf6 36. Ke4 Ke6 1/2-1/2

[Event "II Torneo Hotel Astoria A"]
[Site "Riva del Garda ITA"]
[Date "2004.12.30"]
[Round "7"]
[White "Trauth, Michael"]
[Black "Cappai, Davide"]
[Result "1-0"]
[WhiteElo "2233"]
[BlackElo "2120"]
[PlyCount "84"]
[EventDate "2004.12.26"]

1. Nf3 d5 2. c4 e6 3. g3 c6 4. Bg2 Bd6 5. O-O Nf6 6. b3 O-O 7. Bb2 Nbd7 8. Nc3
Qe7 9. Qc2 Nb6 10. d4 dxc4 11. e4 Bb4 12. e5 Nfd5 13. Ne4 cxb3 14. axb3 Bd7 15.
Bc1 Rfc8 16. Nfg5 f5 17. Nc5 h6 18. Nf3 Be8 19. Nd3 c5 20. dxc5 Bxc5 21. Nxc5
Qxc5 22. Qxc5 Rxc5 23. Ba3 Rc3 24. Nd4 Kf7 25. Bb2 Rcc8 26. Rfd1 a6 27. Nxf5
exf5 28. Rxd5 Rc2 29. Rd6 Nc8 30. Rd8 Bc6 31. Bxc6 Rxc6 32. Rd7+ Ne7 33. Rxb7
Re6 34. Rd1 Re8 35. Rdd7 g5 36. f4 gxf4 37. gxf4 h5 38. Ba3 a5 39. Rxe7+ R8xe7
40. Rxe7+ Rxe7 41. Bxe7 Kxe7 42. Kf2 Ke6 1-0

[Event "II Torneo Hotel Astoria A"]
[Site "Riva del Garda ITA"]
[Date "2004.12.30"]
[Round "7"]
[White "Vaccari, Sergio"]
[Black "Giancotti, Eraldo"]
[Result "0-1"]
[WhiteElo "1906"]
[BlackElo "2093"]
[PlyCount "68"]
[EventDate "2004.12.26"]

1. e4 g6 2. d4 Bg7 3. Nf3 d6 4. Be2 Nf6 5. Nc3 O-O 6. O-O Nc6 7. h3 a6 8. Be3
e5 9. Qd2 exd4 10. Nxd4 Re8 11. Nxc6 bxc6 12. Bd3 Rb8 13. Rab1 d5 14. exd5 cxd5
15. Ne2 Nd7 16. c3 Ne5 17. Nc1 Bxh3 18. Bxa6 Bg4 19. Be2 Qh4 20. Bxg4 Nxg4 21.
Bf4 Bh6 22. f3 Ne3 23. Bxh6 Qxh6 24. Re1 f5 25. Nd3 f4 26. Nb4 Rbd8 27. b3 Rd6
28. Re2 Re5 29. g4 Qh3 30. Rbe1 Qg3+ 31. Kh1 Qxf3+ 32. Rg2 Rg5 33. Qf2 Qxg2+
34. Qxg2 Nxg2 0-1

[Event "II Torneo Hotel Astoria A"]
[Site "Riva del Garda ITA"]
[Date "2004.12.30"]
[Round "7"]
[White "Vecchia, Mario"]
[Black "Cereda, Loris"]
[Result "0-1"]
[WhiteElo "2073"]
[BlackElo "2002"]
[PlyCount "64"]
[EventDate "2004.12.26"]

1. e4 e5 2. f4 d5 3. exd5 c6 4. Nc3 exf4 5. Nf3 Nf6 6. d4 cxd5 7. Bb5+ Bd7 8.
Bxd7+ Nbxd7 9. O-O Be7 10. Bxf4 O-O 11. Qd3 Rc8 12. Rae1 Bb4 13. Bd2 Bxc3 14.
Bxc3 Ne4 15. Rxe4 dxe4 16. Qxe4 Qb6 17. Kh1 Nf6 18. Qf5 Qe6 19. Qa5 a6 20. Re1
Qd5 21. Qa4 Rfe8 22. Ne5 Ne4 23. Rf1 f6 24. Nd7 Qc4 25. Qxc4+ Rxc4 26. Nb6 Rc6
27. Nd5 Kf7 28. Kg1 Rd8 29. Nb4 Rc4 30. Nd3 Kg8 31. Ba5 Rdxd4 32. Bb6 Rd6 0-1

[Event "XLVII Torneo di Capodanno"]
[Site "Reggio nell'Emilia ITA"]
[Date "2004.12.29"]
[Round "1"]
[White "Cebalo, Miso"]
[Black "Naumkin, Igor"]
[Result "1/2-1/2"]
[WhiteElo "2520"]
[BlackElo "2479"]
[PlyCount "83"]
[EventDate "2004.12.29"]

1. d4 e6 2. c4 Nf6 3. Nc3 Bb4 4. f3 d5 5. a3 Bxc3+ 6. bxc3 c5 7. cxd5 Nxd5 8.
dxc5 f5 9. Qc2 f4 10. g3 O-O 11. c4 Ne3 12. Bxe3 fxe3 13. Qc3 Nc6 14. Qxe3 e5
15. Rc1 Bf5 16. Bh3 Nd4 17. Bxf5 Nxf5 18. Qc3 Qe7 19. Nh3 e4 20. Nf4 exf3 21.
Qxf3 Ne3 22. Rc3 Rae8 23. Kf2 Nf5 24. Qd5+ Kh8 25. Rb1 g5 26. Rxb7 Qf6 27. Rf3
gxf4 28. Rxf4 Qh6 29. h4 Rxe2+ 30. Kxe2 Nxg3+ 31. Kd3 Qxf4 32. Qd4+ Qxd4+ 33.
Kxd4 Nf5+ 34. Ke5 Ne3 35. Rxa7 Nxc4+ 36. Kd5 Ne3+ 37. Kc6 Nf5 38. Ra4 Rc8+ 39.
Kb6 Ne7 40. Rd4 Kg7 41. a4 Kf7 42. a5 1/2-1/2

[Event "XLVII Torneo di Capodanno"]
[Site "Reggio nell'Emilia ITA"]
[Date "2004.12.29"]
[Round "1"]
[White "Di Caro, Calogero"]
[Black "Komarov, Dimitri"]
[Result "1/2-1/2"]
[WhiteElo "2317"]
[BlackElo "2555"]
[PlyCount "40"]
[EventDate "2004.12.29"]

1. Nf3 d5 2. d4 Nf6 3. c4 c6 4. e3 Bg4 5. cxd5 Bxf3 6. Qxf3 cxd5 7. Nc3 Nc6 8.
Bd3 e6 9. O-O Bd6 10. Bd2 Qe7 11. Rac1 Rd8 12. Rfd1 O-O 13. Qe2 e5 14. dxe5
Qxe5 15. g3 Rfe8 16. Nb5 Qxb2 17. Rb1 Qe5 18. Bc3 Qe7 19. Bxf6 Qxf6 20. Nxd6
Rxd6 1/2-1/2

[Event "XLVII Torneo di Capodanno"]
[Site "Reggio nell'Emilia ITA"]
[Date "2004.12.29"]
[Round "1"]
[White "Miladinovic, Igor"]
[Black "Rombaldoni, Denis"]
[Result "1/2-1/2"]
[WhiteElo "2611"]
[BlackElo "2251"]
[PlyCount "97"]
[EventDate "2004.12.29"]

1. d4 Nf6 2. c4 e6 3. Nc3 Bb4 4. g3 O-O 5. Bg2 d5 6. Nf3 dxc4 7. O-O Nc6 8. a3
Bxc3 9. bxc3 Na5 10. Rb1 b6 11. Ne5 Nd5 12. Qc2 f6 13. Nf3 Bb7 14. e4 Ne7 15.
Re1 Rc8 16. Bh3 f5 17. Ng5 Rf6 18. d5 h6 19. Nxe6 Rxe6 20. dxe6 Bxe4 21. Rxe4
fxe4 22. Bg2 Qd3 23. Bxe4 Qxc2 24. Bxc2 Nb7 25. Bf4 Nc5 26. Rb4 Nxe6 27. Bc1 c5
28. Rxc4 b5 29. Re4 Kf7 30. Bd1 Rc6 31. Bh5+ g6 32. Be2 c4 33. a4 a6 34. axb5
axb5 35. Bxh6 Nd5 36. Bd2 Rd6 37. Be1 Nc5 38. Rd4 Ke7 39. h4 Na4 40. Bxc4 bxc4
41. Rxc4 Nab6 42. Rc5 Na4 43. Rc8 Nab6 44. Rh8 Rc6 45. Kf1 Nxc3 46. Rh6 Ncd5
47. h5 Kf7 48. Rxg6 Rxg6 49. hxg6+ 1/2-1/2

[Event "XLVII Torneo di Capodanno"]
[Site "Reggio nell'Emilia ITA"]
[Date "2004.12.29"]
[Round "1"]
[White "Sciortino, Massimo"]
[Black "Chatalbashev, Boris"]
[Result "1/2-1/2"]
[WhiteElo "2222"]
[BlackElo "2554"]
[PlyCount "50"]
[EventDate "2004.12.29"]

1. e4 d6 2. d4 Nf6 3. Nc3 g6 4. f4 Bg7 5. Nf3 c5 6. Bb5+ Bd7 7. e5 Ng4 8. e6
fxe6 9. Ng5 Bxb5 10. Nxe6 Bxd4 11. Nxb5 Qa5+ 12. Qd2 Bf2+ 13. Kd1 Ne3+ 14. Ke2
Qxb5+ 15. Kxf2 Ng4+ 16. Kg3 Qd7 17. Re1 Nh6 18. h3 Nc6 19. b3 Rg8 20. Bb2 Nf7
21. Kh2 Ncd8 22. Qd5 Nxe6 23. Rxe6 O-O-O 24. Rae1 Rde8 25. c4 Rgf8 1/2-1/2

[Event "XLVII Torneo di Capodanno"]
[Site "Reggio nell'Emilia ITA"]
[Date "2004.12.29"]
[Round "1"]
[White "Tirabassi, Maurizio"]
[Black "Delchev, Aleksander"]
[Result "0-1"]
[WhiteElo "2330"]
[BlackElo "2601"]
[PlyCount "58"]
[EventDate "2004.12.29"]

1. d4 Nf6 2. c4 e6 3. Nc3 Bb4 4. Qc2 d5 5. cxd5 exd5 6. Bg5 c5 7. e3 cxd4 8.
exd4 Nc6 9. Rd1 O-O 10. Nf3 h6 11. Bh4 g5 12. Bg3 Ne4 13. Be2 Bf5 14. Qb3 Re8
15. Kf1 Bxc3 16. bxc3 Rc8 17. Qb2 Qe7 18. Bb5 a6 19. Bxc6 Rxc6 20. Ne5 Rxc3 21.
f3 Rc2 22. Qb6 Nd2+ 23. Kg1 Qa3 24. Bf2 Rc1 25. Re1 Rxe1+ 26. Bxe1 Qe3+ 27. Bf2
Qe2 28. h3 Qf1+ 29. Kh2 Qxf2 0-1

[Event "XLVII Torneo di Capodanno"]
[Site "Reggio nell'Emilia ITA"]
[Date "2004.12.30"]
[Round "2"]
[White "Cebalo, Miso"]
[Black "Di Caro, Calogero"]
[Result "1-0"]
[WhiteElo "2520"]
[BlackElo "2317"]
[PlyCount "49"]
[EventDate "2004.12.29"]

1. d4 e6 2. c4 Nf6 3. Nc3 Bb4 4. f3 d5 5. a3 Bxc3+ 6. bxc3 c5 7. cxd5 Nxd5 8.
dxc5 Qa5 9. e4 Nc7 10. Qd4 f6 11. Qb4 Nc6 12. Qxa5 Nxa5 13. Be3 e5 14. Rb1 Be6
15. Nh3 O-O-O 16. Nf2 Rd7 17. Rb4 Rhd8 18. Be2 Nc6 19. Rb2 Na5 20. O-O Bc4 21.
c6 bxc6 22. Bxa7 Nb5 23. Bb6 Rd2 24. Bxa5 Bxe2 25. Rfb1 1-0

[Event "XLVII Torneo di Capodanno"]
[Site "Reggio nell'Emilia ITA"]
[Date "2004.12.30"]
[Round "2"]
[White "Komarov, Dimitri"]
[Black "Miladinovic, Igor"]
[Result "1/2-1/2"]
[WhiteElo "2555"]
[BlackElo "2611"]
[PlyCount "37"]
[EventDate "2004.12.29"]

1. d4 d5 2. c4 Nc6 3. e3 e6 4. Nc3 Bb4 5. Nf3 Nf6 6. Bd3 dxc4 7. Bxc4 O-O 8.
O-O h6 9. Qc2 Bd6 10. Rd1 Qe7 11. h3 Bd7 12. a3 a6 13. b4 e5 14. Bb2 Rae8 15.
Ne4 Nxe4 16. Qxe4 exd4 17. Qxe7 Rxe7 18. Nxd4 Nxd4 19. Rxd4 1/2-1/2